| 000 | 00559pab a2200193 454500 | ||
|---|---|---|---|
| 008 | 180718b2011 xxu||||| |||| 00| 0 eng d | ||
| 100 | _aTaylor-Gooby, Peter | ||
| 245 | _aThe coalition programme: A new vision for Britain or politics as usual? | ||
| 260 | _c2011 | ||
| 300 | _ap.4-15. | ||
| 362 | _aJan-Mar | ||
| 650 | _aCoalition of governments - Great Britain | ||
| 650 | _aGreat Britain - Politics and government | ||
| 650 | _aPolitics and government | ||
| 700 | _aStoker, Gerry | ||
| 773 | _aPolitical Quarterly | ||
| 908 | _aN | ||
| 909 | _a91662 | ||
| 999 |
_c91662 _d91662 |
||